Auto filter autokatalóg

Bibliographic Details
Other Authors: Sopira, Branislav (Publishing director)
Format: Journal
Language:Slovak
PhysicalDescription:1 zv. 32 cm
Published: Miloslavov Creative Mind 2006-2006
Bratislava Auto filter
ISSN:1336-8257
Subjects:

MARC

LEADER 00000cas a2200000 a 4500
001 vtls008837446
003 SK-MaSNL
005 20260228161353.0
008 060809d20062006xo qr|p 0 b0slo
022 |a 1336-8257 
040 |a SVKPO  |b slo  |c SVKPO  |d SNK  |e AACR2 
041 0 |a slo 
044 |a xo  |c SK 
072 7 |a 629  |x Dopravné prostriedky  |2 konspekt 
080 |a 629.331  |2 2011 
080 |a 629.33  |2 2011 
080 |a 050  |2 2011 
080 |a (051)-048.55  |2 2011 
210 0 |a Auto filter 
222 0 |a Auto filter 
245 0 0 |a Auto filter  |b autokatalóg 
260 |a Miloslavov  |b Creative Mind  |c 2006-2006 
260 3 |3 Leto 2006  |a Bratislava  |b Auto filter 
300 |a 1 zv.  |c 32 cm 
310 |a 4x ročne 
362 0 |a Roč. I, č. jar (2006)-roč. I, č. leto (2006) 
500 |a Registračné č. MK SR: 3480/2005 
500 |a Šéfredaktor: Branislav Sopira 
650 0 7 |a motorové vozidlá  |2 SNKPH  |9 1587 
650 0 7 |a automobily  |2 SNKPH  |9 18879 
655 7 |a špecializované časopisy  |2 SNKPH  |9 70509 
700 1 |a Sopira, Branislav  |4 pbd  |9 268496 
850 |a Štátna vedecká knižnica v Prešove 
910 |a snk 
999 |c 5136  |d 7066 
952 |0 0  |1 0  |4 0  |7 0  |8 0  |a SNK  |b SNK  |d 2018-11-14  |i snk2018/23782  |l 0  |o snkČSB 6860/1/2006  |p 17A1340606  |r 2026-02-21 22:05:59  |t č. jar-leto  |w 2026-02-21  |y PREZ 
952 |0 0  |1 0  |4 0  |7 0  |8 0  |a SNK  |b SNK  |d 2018-11-14  |i snk2018/23785  |l 0  |o snkČSB 6860/1/2006 D1  |p 17A1340605  |r 2026-02-21 22:05:59  |t č. jar-leto  |w 2026-02-21  |y PREZ